LIBRARY & INFORMATION CENTRE, KCAET, TAVANUR

ONLINE PUBLIC ACCESS CATALOGUE (OPAC)

Feedback theory and its applications / (Record no. 9150)

MARC details
000 -LEADER
fixed length control field 00400cam a2200157ua 4500
003 - CONTROL NUMBER IDENTIFIER
control field OSt
008 - FIXED-LENGTH DATA ELEMENTS--GENERAL INFORMATION
fixed length control field 250106b |||||||| |||| 00| 0 eng d
041 ## - LANGUAGE CODE
Language code of text/sound track or separate title eng
082 ## - DEWEY DECIMAL CLASSIFICATION NUMBER
Classification number 621.381 535
Item number HAM/FE
100 ## - MAIN ENTRY--AUTHOR NAME
Personal name Hammond, P H .
245 ## - TITLE STATEMENT
Title Feedback theory and its applications /
250 ## - EDITION STATEMENT
Edition statement 1 /
260 ## - PUBLICATION, DISTRIBUTION, ETC. (IMPRINT)
Place of publication London :
Name of publisher English Universities Press ,
Year of publication 1958.
300 ## - PHYSICAL DESCRIPTION
Number of Pages 348 ; .
942 ## - ADDED ENTRY ELEMENTS (KOHA)
Koha item type Books
Holdings
Withdrawn status Lost status Damaged status Home library Current library Date acquired Full call number Accession Number Koha item type
      KAUAET KAUAET 07/04/2012 621.381 535 HAM/FE 3777 Books
free website counter